Nanophotonics : (Record no. 19034)
[ view plain ]
| 000 -LEADER | |
|---|---|
| fixed length control field | 00768nam a22002538a 4500 |
| 001 - CONTROL NUMBER | |
| control field | 016010301 |
| 003 - CONTROL NUMBER IDENTIFIER | |
| control field | Uk |
| 005 - DATE AND TIME OF LATEST TRANSACTION | |
| control field | 20150314154634.0 |
| 008 - FIXED-LENGTH DATA ELEMENTS--GENERAL INFORMATION | |
| fixed length control field | 120111s2013 si 000 0 eng|d |
| 015 ## - NATIONAL BIBLIOGRAPHY NUMBER | |
| National bibliography number | GBB204564 |
| Source | bnb |
| 020 ## - INTERNATIONAL STANDARD BOOK NUMBER | |
| International Standard Book Number | 9789814364362 |
| 020 ## - INTERNATIONAL STANDARD BOOK NUMBER | |
| Cancelled/invalid ISBN | 9789814364379 (eBook) |
| 040 ## - CATALOGING SOURCE | |
| Original cataloging agency | StDuBDS |
| Language of cataloging | eng |
| Transcribing agency | StDuBDS |
| 082 00 - DEWEY DECIMAL CLASSIFICATION NUMBER | |
| Classification number | 621.365 |
| Edition number | 22 |
| Item number | YUP |
| 100 1# - MAIN ENTRY--PERSONAL NAME | |
| Personal name | Yupapin, Preecha P. |
| 245 10 - TITLE STATEMENT | |
| Title | Nanophotonics : |
| Remainder of title | devices, circuits and systems / |
| Statement of responsibility, etc | Preecha P. Yupapin , Keerayoot Srinuanjan, Surachart Kamoldilok. |
| 260 ## - PUBLICATION, DISTRIBUTION, ETC. (IMPRINT) | |
| Place of publication, distribution, etc | Singapore : |
| Name of publisher, distributor, etc | Pan Stanford ; |
| Date of publication, distribution, etc | c.2013 |
| 300 ## - PHYSICAL DESCRIPTION | |
| Extent | vii, 168 pages ; |
| Dimensions | 23 cm. |
| 650 #0 - SUBJECT ADDED ENTRY--TOPICAL TERM | |
| Topical term or geographic name as entry element | Nanophotonics. |
| 9 (RLIN) | 31405 |
| 650 #0 - SUBJECT ADDED ENTRY--TOPICAL TERM | |
| Topical term or geographic name as entry element | Signal processing. |
| 653 ## - INDEX TERM--UNCONTROLLED | |
| Resource For college | Engineering, General |
| Arrived date list | March2015 |
| 655 ## - INDEX TERM--GENRE/FORM | |
| Form subdivision | |
| -- | 34232 |
| 942 ## - ADDED ENTRY ELEMENTS (KOHA) | |
| Source of classification or shelving scheme | Dewey Decimal Classification |
| Withdrawn status | Item status | Source of classification or shelving scheme | Damaged status | Not for loan | Vendor | Home library | Current library | Shelving location | Date acquired | Source of acquisition | Total Checkouts | Total Renewals | Full call number | Barcode | Date last seen | Date last borrowed | Koha item type |
|---|---|---|---|---|---|---|---|---|---|---|---|---|---|---|---|---|---|
| Dewey Decimal Classification | Baccah | Central Library | Central Library | First floor | 14/03/2015 | 1 | 2 | 621.365 YUP | 000037557 | 15/07/2025 | 12/10/2015 | Book - Borrowing |